|
|
|
|
| LEADER |
01448nam a2200289 a 4500 |
| 001 |
16805 |
| 003 |
BD-DhAAL |
| 008 |
110531t2007 bg ax s f0 a0eng d |
| 010 |
|
|
|a 77912504
|
| 020 |
|
|
|a 9845087825
|
| 040 |
|
|
|a WaU
|c WaU
|d MH
|d MnMULS
|d DLC
|d NST
|d DLC
|d NST
|d DLC
|d NST
|d InU
|d WaU
|d InU
|d MH
|d NLGGC
|d MH
|d BD-DhAAL
|
| 082 |
0 |
|
|a 315.492
|2 22
|
| 245 |
0 |
0 |
|a Statistical yearbook of Bangladesh 2005 :
|b বাংলাদেশ পরিসংখ্যান বর্ষগ্রন্থ-২০০৫.
|
| 246 |
3 |
1 |
|a বাংলাদেশ পরিসংখ্যান বর্ষগ্রন্থ-২০০৫.
|
| 250 |
|
|
|a Twenty-fifth edition.
|
| 260 |
|
|
|a Dhaka :
|b Bangladesh Bureau of Statistics, Statistics Division, Ministry of Planning, Govt. of the People's Republic of Bangladesh,
|c 2007.
|
| 300 |
|
|
|a xxiv. 804 pages :
|b illustrations ;
|c 29 cm.
|
| 310 |
|
|
|a Annual (irregular)
|
| 541 |
1 |
|
|e 16805
|
| 651 |
|
0 |
|a Bangladesh
|v Statistics
|v Periodicals.
|9 1271
|
| 651 |
|
0 |
|a Bangladesh
|x Economic conditions
|v Statistics
|v Periodicals.
|9 1272
|
| 710 |
1 |
|
|a Bangladesh
|b Parishangkhan Bureau.
|9 1273
|
| 780 |
0 |
0 |
|t Statistical digest of Bangladesh
|w (DLC) 73901005
|w (OCoLC)2324493
|
| 852 |
4 |
|
|a Ayesha Abed Library
|c Reference Section
|
| 942 |
|
|
|2 ddc
|c BK
|
| 999 |
|
|
|c 10930
|d 10930
|
| 952 |
|
|
|0 0
|1 0
|2 ddc
|4 0
|6 315_492000000000000_STA
|7 0
|9 16956
|a BRACUL
|b BRACUL
|c REF
|d 2011-05-31
|l 1
|o 315.492 STA
|p 3010016805
|r 2011-05-31
|s 2011-05-31
|t 1
|w 2011-05-31
|y BK
|